[Event "5th Cesme Open 2017"]
[Site "Cesme"]
[Date "2017.06.14"]
[Round "5.13"]
[White "Erece, Ece Alkim"]
[Black "Sevgi, Volkan"]
[Result "0-1"]
[WhiteElo "1753"]
[BlackElo "2192"]
[Annotator "NA"]
[PlyCount "70"]
[EventType "swiss"]
[EventCountry "TUR"]
[SourceTitle "playchess.com"]
[Source "ChessBase"]
[SourceQuality "1"]
[TimeControl "5400+30"]

{[%evp 13,66,41,72,65,73,60,79,55,74,32,74,40,113,39,32767,129,232,147,164,93,118,116,125,98,152,32767,200,119,100,108,140,60,51,45,32767,32767,44,26,35,32767,47,32767,32767,32767,32767,32767,32767,32767,32767,-404,-1163,-1492,-2723,-1446,-2672]} 1. e4 c6 2. d4 g6 3. Nc3 {[%emt 0:00:30]} d5 {[%emt 0:07:00]} 4. h3 {[%emt 0:00:30]} Bg7 {[%emt 0:00:30]} 5. Nf3 {[%emt 0:00:30]} Nh6 {[%emt 0:00:30]} 6. Bd3 {[%emt 0:00:30]} O-O {[%emt 0:05:30] B15: Caro-Kann: 3 Nc3: 3...g6 and 3...dxe4 4 Nxe4 Nf6 5 Nxf6+ exf6} (6... f6 7. O-O Nf7 8. Ne2 O-O 9. Ng3 e5 10. dxe5 fxe5 11. c3 Na6 12. Bc2 Nc7 13. Be3 b6 14. a4 Ne6 {1-0 (54) Ortiz Suarez,I (2601)-Ipatov,A (2625) Panama City 2013}) 7. Qe2 {[%emt 0:03:30]} dxe4 {[%emt 0:03:30] LiveBook: 7 Games} 8. Nxe4 {[%emt 0:01:30]} Nf5 {[%emt 0:01:30]} 9. c3 {[%emt 0:00:30]} Qc7 {[%emt 0:02:30] [#]} 10. O-O {[%emt 0:04:30]} ({White should play} 10. h4 $1 $16) 10... Nd7 {[%emt 0:01:30]} 11. a4 $146 {[%emt 0:05:30]} ({Predecessor:} 11. Re1 Nb6 12. Nc5 Re8 13. Bxf5 Bxf5 14. g4 Bc8 15. Qe4 Nd5 16. Ne5 {1-0 (48) Nikolovski,N (1978)-Romcovici,V (2152) Veliko Tarnovo 2013}) 11... a5 {[%emt 0:04:30]} 12. Re1 {[%emt 0:08:30]} b6 {[%emt 0:04:30]} 13. Bg5 {[%emt 0:02:30]} (13. g4 $16 Nd6 14. Bf4) 13... f6 {[%emt 0:14:30]} 14. Bd2 {[%emt 0:01:30]} e5 {[%emt 0:00:00]} (14... Kh8 $16 {was called for.}) 15. Bc4+ {[%emt 0:05:30]} Kh8 {[%emt 0:01:00]} 16. g4 {[%emt 0:07:30]} (16. dxe5 $142 Nxe5 17. Bf4) 16... Nd6 {[%emt 0:02:30]} 17. Nxd6 {[%emt 0:00:30]} Qxd6 {[%emt 0:00:30]} 18. dxe5 {[%emt 0:00:30]} fxe5 {[%emt 0:01:30]} ({Better is} 18... Nxe5 19. Bf4 Be6 20. Bxe6 (20. Nxe5 fxe5 21. Bxe5 Bxe5 $14) 20... Qxe6) 19. Ng5 {[%emt 0:01:30]} Bb7 {[%emt 0:02:30]} (19... Nc5 $16 {was worth a try.} 20. Be3 Qe7) 20. Ne4 {[%emt 0:11:30]} (20. Rad1 $18) 20... Qc7 {[%emt 0:03:30]} 21. Rad1 {[%emt 0:01:30]} Nf6 {[%emt 0:01:30]} 22. Bg5 {[%emt 0:01:30]} Nd5 $1 {[%emt 0:01:30]} 23. Qd2 {[%emt 0:11:30]} Rf7 {[%emt 0:15:30]} 24. Bh6 {[%emt 0:02:30]} Raf8 {[%emt 0:01:30]} 25. Bxg7+ {[%emt 0:00:30]} Kxg7 {[%emt 0:00:00]} 26. g5 {[%emt 0:02:30]} Qe7 {[%emt 0:04:00]} 27. Bxd5 {[%emt 0:02:30]} cxd5 {[%emt 0:00:30]} 28. Nf6 {[%emt 0:00:30]} h6 {[%emt 0:02:30]} 29. h4 {[%emt 0:00:30]} hxg5 {[%emt 0:00:30]} 30. hxg5 {[%emt 0:00:00]} Rh8 {[%emt 0:01:29]} 31. Ng4 $2 {[%emt 0:05:55] [#]} (31. Qe2 $1 $11) 31... d4 $1 {[%emt 0:00:37]} 32. Nh6 {[%emt 0:00:18] [#]} Rxh6 $1 {[%emt 0:04:25]} 33. gxh6+ {[%emt 0:00:31]} Kh7 $19 {[%emt 0:00:08]} 34. f4 {[%emt 0:01:51]} Qh4 {[%emt 0:00:20]} 35. Rxe5 {[%emt 0:00:42]} Qg3+ {[%emt 0:00:18]} 0-1

[Event "5th Cesme Open 2017"]
[Site "Cesme"]
[Date "2017.06.14"]
[Round "5.14"]
[White "Morchiashvili, Bachana"]
[Black "Ozsakallioglu, Okan"]
[Result "1-0"]
[WhiteElo "2403"]
[BlackElo "1925"]
[Annotator "TA"]
[PlyCount "53"]
[EventType "swiss"]
[EventCountry "TUR"]
[SourceTitle "playchess.com"]
[Source "ChessBase"]
[SourceQuality "1"]

{[%evp 19,53,20,43,39,50,30,52,51,60,20,80,55,53,52,43,23,27,25,26,32,71,53,71,60,230,256,331,328,340,326,335,327,429,435,528,522]} 1. d4 d5 2. Nf3 c6 3. c4 e6 4. e3 Bd6 5. Bd3 f5 6. O-O Nf6 7. b3 O-O 8. Bb2 Nbd7 9. cxd5 cxd5 10. Nc3 a6 11. Ne2 {A84: Dutch Defence: 2 c4 Miscellaneous} Ne4 (11... Qe7 12. Rc1 Ng4 13. Nf4 g5 14. Ne2 Qg7 15. Bb1 Nh6 16. Qd2 g4 17. Ne1 Nf6 18. Nd3 Ne4 {0-1 (67) Agibileg,U (2102)-Haria,R (2445) Porto Carras 2015}) 12. Ne5 b5 $146 ({Predecessor:} 12... g5 13. f3 Nef6 14. Qd2 Qe8 15. e4 f4 16. Nxd7 Nxd7 17. g3 Rf7 18. e5 Bf8 19. gxf4 gxf4 {0-1 (56) Sabirov,A-Gumerov,R (2331) Ufa 1999}) 13. f3 {White is slightly better.} Ng5 14. Qd2 Bb7 (14... Nf7 $1 $11) 15. Rac1 Nf7 {[%cal Rf7e5]} 16. Nc6 $36 {[%mdl 2048] White has good play.} Qb6 17. Qa5 Rac8 18. Qxb6 Nxb6 19. Ne5 g5 20. Kf2 b4 21. h4 Nxe5 $2 {[#]} (21... h6 $14) 22. dxe5 $18 Be7 23. Nd4 Kf7 24. hxg5 Bxg5 25. f4 Be7 26. Rh1 Rxc1 27. Rxh7+ {Precision: White = 75%, Black =  7%.} 1-0

[Event "5th Cesme Open 2017"]
[Site "Cesme"]
[Date "2017.06.14"]
[Round "5.15"]
[White "Grigoriev, Armen"]
[Black "Benidze, Davit"]
[Result "1/2-1/2"]
[WhiteElo "2105"]
[BlackElo "2525"]
[Annotator "TA"]
[PlyCount "92"]
[EventType "swiss"]
[EventCountry "TUR"]
[SourceTitle "playchess.com"]
[Source "ChessBase"]
[SourceQuality "1"]

{[%evp 15,92,0,16,2,8,5,22,4,23,10,4,12,27,0,0,-2,3,3,4,0,9,-3,12,0,15,-14,-16,-24,0,-16,-17,-11,-18,-30,-25,-20,-27,-52,-4,-9,-5,-20,-12,-70,-62,-70,-55,-53,-20,-41,-50,-59,-20,-16,-16,-20,-24,-41,-30,-17,0,-21,0,0,0,0,0,0,0,0,0,0,0,0,0,0,0,0,0]} 1. Nf3 Nf6 2. g3 g6 3. Bg2 Bg7 4. O-O O-O 5. c4 c6 6. d4 d6 7. Nc3 Bf5 8. h3 Ne4 9. Bd2 {E62: King's Indian: Fianchetto: 6...c6 and Panno Variation (6...Nc6) without ...a6} Nxc3 (9... Na6 10. Nxe4 Bxe4 11. Bc3 Nc7 12. Rc1 d5 13. b3 a5 14. c5 Ne6 15. e3 h5 16. h4 f5 {½-½ (44) Serrano Salvador,E (2319)-Epishin,V (2576) St Petersburg 2012}) 10. Bxc3 Be4 11. Re1 $146 ({Predecessor:} 11. Qd2 Nd7 12. Qe3 d5 13. cxd5 cxd5 14. Ne5 Bxg2 15. Kxg2 Bxe5 16. dxe5 Qb6 {½-½ (56) Arun Prasad,S (2423)-Roktim,B (2373) New Delhi 2007}) 11... d5 12. b3 dxc4 13. bxc4 c5 14. Rc1 cxd4 15. Bxd4 Bh6 16. e3 Nc6 17. Bc3 Qc7 18. Qb3 Rac8 19. Red1 Rfd8 ({Much worse is} 19... Bxe3 $6 20. fxe3 Bxf3 21. Bxf3 $18) 20. Rxd8+ Nxd8 21. Qa4 Qc6 (21... b6 {looks sharper.} 22. Nd4 Bxg2 23. Kxg2 Qb7+ 24. Kg1 a6) 22. Qxc6 Bxc6 23. Bb4 Bf8 24. Nd4 Bxg2 25. Kxg2 e5 26. Bxf8 exd4 $11 {[%mdl 4096] Endgame KRB-KRN} 27. Be7 dxe3 28. fxe3 Nc6 29. Ba3 ({Better is} 29. Bd6 $11) 29... Rd8 $15 30. Rc2 Rd3 31. Bc1 h5 32. Kf2 Rd1 33. Bd2 f5 34. Bc3 Kf7 35. h4 Ke6 36. Ke2 Rh1 37. Kf3 Rd1 {The position is equal.} 38. Ke2 Rd8 (38... Rd6 {feels hotter.} 39. Rb2 Nd8 40. a4 Rd7 41. Rb5 Nc6) 39. Rb2 b6 40. Rb5 Re8 41. c5 bxc5 42. Rxc5 Kd6 43. Rb5 Re4 44. Rb7 Rg4 45. Kf3 Rc4 46. Bd4 Nxd4+ {Precision: White = 48%, Black = 46%.} 1/2-1/2

[Event "5th Cesme Open 2017"]
[Site "Cesme"]
[Date "2017.06.14"]
[Round "5.16"]
[White "Malakhatko, Vadim"]
[Black "Sahin, Doga Boran"]
[Result "1-0"]
[WhiteElo "2518"]
[BlackElo "2072"]
[Annotator "TA"]
[PlyCount "65"]
[EventType "swiss"]
[EventCountry "TUR"]
[SourceTitle "playchess.com"]
[Source "ChessBase"]
[SourceQuality "1"]

{[%evp 20,65,6,-4,0,-4,34,25,20,16,72,0,10,19,18,0,0,20,120,127,168,175,185,169,187,186,177,176,188,174,195,193,196,197,228,212,238,239,257,216,260,236,376,393,484,459,594,380]} 1. c4 c6 2. e4 d5 3. exd5 cxd5 4. cxd5 Nf6 5. Qa4+ Nbd7 6. Nc3 g6 7. Nf3 Bg7 8. Bc4 O-O 9. d3 Nb6 10. Qb3 Bg4 {B10: Caro-Kann: 2 d3 and 2 c4} 11. Ng5 {LiveBook: 6 Games} Nxc4 $146 ({Predecessor:} 11... Rc8 12. Be3 h6 13. Nge4 Nxe4 14. Nxe4 Nxc4 15. dxc4 Qa5+ 16. Nc3 b6 17. Rc1 Bf5 18. Bd2 {½-½ (40) Jobava,B (2651)-Wang,Y (2626) Taiyuan 2006}) 12. dxc4 Qc7 {The position is equal.} 13. Nb5 Qc8 14. h3 Bf5 (14... a6 $11 15. Nd4 (15. hxg4 axb5 16. Qxb5 Qxg4 $15) 15... h6) 15. Be3 (15. O-O $16) 15... h6 (15... a6 $5 {[%cal Ra6b5]} 16. Nd4 h6 $14) 16. Nf3 a6 17. Nbd4 $36 {[%mdl 2048] White has some pressure.} Be4 18. Rc1 Nd7 (18... b5 $11 {remains equal.}) 19. O-O $16 Nc5 20. Qa3 e5 21. Nc6 bxc6 22. Bxc5 Re8 23. d6 Bf5 24. Rfe1 e4 25. Nd4 Bd7 26. Ne2 f5 {[#]} 27. Bd4 $1 Bxd4 28. Nxd4 f4 29. Qc3 c5 30. Nb3 Qc6 (30... a5 $142 31. Qf6 (31. Nxa5 Qd8 $16) 31... Bf5) 31. Rcd1 $18 {[%cal Bc1d1,Bd1d5,Bd5c5][%mdl 32]} Re6 32. Rd5 Rxd6 33. Rxc5 {Precision: White = 55%, Black = 37%.} 1-0

[Event "5th Cesme Open 2017"]
[Site "Cesme"]
[Date "2017.06.14"]
[Round "5.18"]
[White "Rahmanov, Shahriyar"]
[Black "Kaya, Emel"]
[Result "1-0"]
[WhiteElo "2353"]
[BlackElo "1928"]
[Annotator "TA"]
[PlyCount "98"]
[EventType "swiss"]
[EventCountry "TUR"]
[SourceTitle "playchess.com"]
[Source "ChessBase"]
[SourceQuality "1"]

{[%evp 9,98,106,150,137,182,172,254,258,255,250,253,259,302,311,317,309,389,389,392,389,396,357,370,347,360,373,441,345,407,397,402,399,400,388,397,402,438,401,539,460,583,582,557,9,9,9,8,-8,-13,-30,0,0,0,0,0,0,0,0,104,87,75,67,69,14,61,46,60,27,27,27,27,0,0,0,27,20,263,20,28,0,246,212,205,78,205,205,230,16,4618,-468,4618]} 1. d4 g6 2. h4 {[%cal Bh2h4,Bh4h5,Bh5h6][%mdl 32]} Nf6 3. Nc3 (3. Bg5 Bg7 4. Nc3 d5 5. Nf3 c6 6. Bxf6 Bxf6 7. e4 Bg4 8. e5 Bg7 9. Be2 Qb6 10. Na4 Qa5+ {1-0 (44) Moradiabadi,E (2586)-Malakhov,V (2694) Dubai 2014}) 3... Bg7 4. e4 {[%cal Be2e4,Be4e5][%mdl 32]} d5 5. e5 Ng4 $146 ({Predecessor:} 5... Ne4 6. Nxe4 dxe4 7. h5 c5 8. h6 Bf8 9. d5 Qb6 10. Qe2 Na6 {1-0 (23) Timms,N-Bekker Jensen,A (2040) Witley 2000}) 6. h5 $1 {A40: Unusual replies to 1 d4} c5 7. h6 ({Not} 7. dxc5 Nc6 $11) 7... Bf8 (7... Bxe5 $142 8. dxe5 d4) 8. f3 $18 {White has a decisive advantage.} ({Less strong is} 8. dxc5 Nc6 $16) 8... Nc6 9. Bb5 ({Weaker is} 9. dxc5 Ngxe5 10. Qxd5 Bf5 $14) 9... Ngxe5 10. dxe5 d4 11. Bxc6+ bxc6 12. Ne4 Qd5 13. Bf4 Bf5 14. Qe2 c4 15. Rd1 Rd8 16. c3 d3 17. Qe3 Bxe4 18. Qxe4 Rb8 {[#]} 19. b3 $1 cxb3 20. Qxd5 cxd5 21. e6 Rb7 22. axb3 Rxb3 23. Rxd3 d4 24. Rxd4 Rxc3 25. Rb4 {White wants to mate with Rb8+.} fxe6 26. Be5 $2 ({White should play} 26. Rb8+ $18 Kd7 27. Kf2) 26... Re3+ $11 27. Kf2 Rxe5 28. g4 Rd5 29. Ne2 e5 30. Nc3 Rd2+ 31. Kg3 e6 32. Rb7 Rd7 33. Rhb1 Bd6 (33... Rxb7 $11 34. Rxb7 Be7) 34. Ne4 $16 Be7 35. Rb8+ Rd8 36. R1b7 (36. Rxd8+ $14 Bxd8 37. Rb7) 36... Rxb8 37. Rxb8+ $11 {[%mdl 4096] Endgame KRB-KRN} Bd8 38. Rb7 Be7 $1 39. Rxa7 Rf8 40. Ra8+ Kf7 $1 41. Ra7 {Black must now prevent Nd6+.} Ke8 42. g5 Rf7 $2 (42... Rf5 $1 $11) 43. Rb7 $2 (43. Ra8+ $1 $18 Kd7 44. Rg8) 43... Rf8 44. Ra7 $2 (44. Rb8+ $11 Kf7 45. Rb7) 44... Rf7 $18 45. Ra8+ $1 {[%mdl 1024] White has strong compensation.} Kd7 46. Rb8 (46. Rg8 $1 $18 {and the rest is easy.}) 46... Rf5 {[#]} (46... Kc6 $16 {is a better defense.}) 47. Rh8 $1 {[%cal Rh8h7]} Rf7 {[#]} 48. Nf6+ $2 (48. Rg8 $1 $18) 48... Rxf6 $4 {[%mdl 8192]} (48... Bxf6 $11 49. gxf6 Kd6) 49. Rxh7 $4 {[%mdl 8192]} (49. gxf6 $18 Bxf6 50. Rxh7+ Ke8 51. Ra7) 49... Ke8 $4 {[%mdl 8192] Precision: White = 47%, Black = 40%.} (49... Rf5 $19 50. Kf2 Rxg5) 1-0

[Event "5th Cesme Open 2017"]
[Site "Cesme"]
[Date "2017.06.14"]
[Round "5.19"]
[White "Gokerkan, Cem Kaan"]
[Black "Nalbant, Tuna Onat"]
[Result "1-0"]
[WhiteElo "2333"]
[BlackElo "1993"]
[Annotator "ChessBase"]
[PlyCount "109"]
[EventType "swiss"]
[EventCountry "TUR"]
[SourceTitle "playchess.com"]
[Source "ChessBase"]
[SourceQuality "1"]
[TimeControl "5400+30"]

1. e4 {[%emt 0:08:30]} c5 {[%emt 0:01:00]} 2. Ne2 {[%emt 0:00:30]} d6 {[%emt 0:00:30]} 3. g3 {[%emt 0:00:00]} Nc6 {[%emt 0:03:30]} 4. Bg2 {[%emt 0:00:00]} g6 {[%emt 0:00:30]} 5. c3 {[%emt 0:00:30]} Bg7 {[%emt 0:01:30]} 6. d4 {[%emt 0:00:30]} e5 {[%emt 0:12:30]} 7. dxc5 {[%emt 0:02:30]} dxc5 {[%emt 0:00:30]} 8. Qxd8+ {[%emt 0:03:30]} Kxd8 {[%emt 0:01:30]} 9. Na3 {[%emt 0:00:30]} b6 {[%emt 0:04:30]} 10. Nc4 {[%emt 0:01:30]} Ba6 {[%emt 0:00:30]} 11. Ne3 {[%emt 0:00:00]} Nge7 {[%emt 0:07:30]} 12. Ng1 {[%emt 0:06:00]} Kc7 {[%emt 0:06:30]} 13. Nd5+ {[%emt 0:00:30]} Kd6 {[%emt 0:00:30]} 14. Nxe7 {[%emt 0:04:30]} Kxe7 {[%emt 0:01:30]} 15. Nf3 {[%emt 0:00:30]} Rhd8 {[%emt 0:03:30]} 16. Be3 {[%emt 0:05:30]} Rd6 {[%emt 0:07:30]} 17. Bf1 {[%emt 0:03:30]} Bxf1 {[%emt 0:05:30]} 18. Rxf1 {[%emt 0:02:30]} Rad8 {[%emt 0:02:30]} 19. Nd2 {[%emt 0:00:30]} Na5 {[%emt 0:01:30]} 20. O-O-O {[%emt 0:01:30]} f5 {[%emt 0:06:30]} 21. Rde1 {[%emt 0:00:30]} R8d7 {[%emt 0:16:33]} 22. f4 {[%emt 0:03:30]} Rd3 {[%emt 0:01:21]} 23. exf5 {[%emt 0:03:30]} gxf5 {[%emt 0:00:49]} 24. fxe5 {[%emt 0:00:30]} Rxe3 {[%emt 0:02:19]} 25. Rxe3 {[%emt 0:00:00]} Bh6 {[%emt 0:00:07]} 26. Rf4 {[%emt 0:01:00]} Ke6 {[%emt 0:02:44]} 27. Kc2 {[%emt 0:02:30]} Rg7 {[%emt 0:02:50]} 28. Re2 {[%emt 0:08:30]} Bxf4 {[%emt 0:08:13]} 29. gxf4 {[%emt 0:00:30]} Rg4 {[%emt 0:00:01]} 30. Rf2 {[%emt 0:00:30]} Kd5 {[%emt 0:00:30]} 31. Kd3 {[%emt 0:00:30]} c4+ {[%emt 0:00:30]} 32. Ke3 {[%emt 0:00:30]} Nb7 {[%emt 0:00:30]} 33. b4 {[%emt 0:00:30]} a5 {[%emt 0:00:30]} 34. Nf3 {[%emt 0:00:30]} axb4 {[%emt 0:00:32]} 35. Rd2+ {[%emt 0:00:00]} Kc5 {[%emt 0:00:27]} 36. cxb4+ {[%emt 0:00:00]} Kxb4 {[%emt 0:00:14]} 37. Rb2+ {[%emt 0:00:30]} Ka5 {[%emt 0:00:44]} 38. Nd2 {[%emt 0:05:30]} c3 {[%emt 0:00:32]} 39. Nc4+ {[%emt 0:00:30]} Ka6 {[%emt 0:00:31]} 40. Rxb6+ {[%emt 0:00:30]} Ka7 {[%emt 0:00:03]} 41. Rb3 {[%emt 0:03:30]} c2 {[%emt 0:00:47]} 42. Rc3 {[%emt 0:00:00]} Rg2 {[%emt 0:00:31]} 43. Nd2 {[%emt 0:01:00]} Rxh2 {[%emt 0:01:05]} 44. Rxc2 {[%emt 0:00:00]} Nd8 {[%emt 0:00:04]} 45. Rc8 {[%emt 0:06:00]} Ne6 {[%emt 0:00:29]} 46. Re8 {[%emt 0:01:30]} Rh3+ {[%emt 0:00:30]} 47. Nf3 {[%emt 0:00:30]} Nc5 {[%emt 0:00:24]} 48. e6 {[%emt 0:01:30]} Rh6 {[%emt 0:00:33]} 49. Nd4 {[%emt 0:05:30]} Kb7 {[%emt 0:00:34]} 50. e7 {[%emt 0:00:30]} Rh3+ {[%emt 0:00:25]} 51. Nf3 {[%emt 0:01:30]} Rh6 {[%emt 0:00:22]} 52. Rb8+ {[%emt 0:00:00]} Kxb8 {[%emt 0:00:26]} 53. e8=Q+ {[%emt 0:00:00]} Kc7 {[%emt 0:00:24]} 54. Qe5+ {[%emt 0:00:30]} Kb6 {[%emt 0:00:17]} 55. Qxf5 {[%emt 0:00:00]} 1-0

[Event "5th Cesme Open 2017"]
[Site "Cesme"]
[Date "2017.06.14"]
[Round "5.20"]
[White "Aydincelebi, Kagan"]
[Black "Ozen, Bahadir"]
[Result "0-1"]
[WhiteElo "1992"]
[BlackElo "2332"]
[Annotator "NA"]
[PlyCount "124"]
[EventType "swiss"]
[EventCountry "TUR"]
[SourceTitle "playchess.com"]
[Source "ChessBase"]
[SourceQuality "1"]
[TimeControl "5400+30"]

{[%evp 8,115,42,40,71,50,32767,32767,32767,32767,32767,32767,32767,32767,7,32767,32767,32767,72,-20,31,44,26,0,0,-25,-45,-89,-86,-78,-82,-83,-81,-83,-71,-107,32767,-78,-87,-85,-79,-81,-66,32767,-66,-137,-77,32767,32767,32767,32767,-141,-45,32767,32767,32767,-95,32767,32767,-61,-41,32767,32767,-91,-99,-66,-64,-95,-89,-103,-82,-79,-39,-108,32767,32767,-107,-139,-115,-131,32767,32767,-115,-117,32767,32767,32767,32767,32767,32767,-143,-89,-54,-241,32767,-159,32767,32767,32767,-1824,-1197,-675,-1164,-890,-2105,-1572,-29981,-29985,-29986,-12843]} 1. e4 {[%emt 0:00:30]} g6 {[%emt 0:01:00]} 2. d4 {[%emt 0:00:00]} Bg7 {[%emt 0:00:30]} 3. Nc3 {[%emt 0:00:00]} d6 {[%emt 0:00:30]} 4. f4 {[%emt 0:00:00]} a6 {[%emt 0:00:00]} 5. Nf3 {[%emt 0:01:00] LiveBook: 915 Games} b5 {[%emt 0:00:30]} 6. Bd3 {[%emt 0:01:30]} Nd7 7. e5 {[%emt 0:05:30]} c5 {[%emt 0:04:00] B06: Modern Defence} 8. Be4 {[%emt 0:00:30]} Rb8 {[%emt 0:00:30]} 9. dxc5 {[%emt 0:00:30]} (9. Be3 cxd4 10. Bxd4 dxe5 11. fxe5 e6 12. O-O Ne7 13. Qe1 O-O 14. a4 b4 15. Ne2 {0-1 (49) Anand,V (2793)-Caruana,F (2829) London 2014}) 9... Nxc5 {[%emt 0:03:30]} 10. Bc6+ {[%emt 0:00:30]} Bd7 {[%emt 0:01:30]} 11. Bxd7+ {[%emt 0:00:30]} Qxd7 {[%emt 0:00:30]} 12. Be3 {[%emt 0:00:00]} Nh6 $146 {[%emt 0:06:30]} (12... Na4 $11 {remains equal.}) ({Predecessor:} 12... Rc8 13. Qd2 dxe5 14. fxe5 Qxd2+ 15. Kxd2 {0-1 (35) Plaskett,H (2483)-Solovjov,S (2436) playchess.com INT 2003}) 13. Qd2 {[%emt 0:09:00]} (13. Bxc5 $1 $14 dxc5 14. Qxd7+ Kxd7 15. O-O-O+ Kc6 16. Rhe1) 13... Ne6 {[%emt 0:06:30]} (13... Na4 $15 14. O-O-O Nxc3 15. Qxc3 O-O) 14. O-O-O {[%emt 0:02:30]} O-O {[%emt 0:00:30]} 15. h3 {[%emt 0:01:30]} Qb7 {[%emt 0:01:30]} 16. Nd5 {[%emt 0:12:30] [#]} dxe5 $1 {[%emt 0:07:30]} 17. fxe5 {[%emt 0:01:30]} Nf5 {[%emt 0:00:30]} 18. g4 {[%emt 0:01:30]} Nxe3 {[%emt 0:03:30]} 19. Qxe3 {[%emt 0:00:00]} Rfd8 {[%emt 0:04:30]} 20. Nc3 {[%emt 0:04:00]} b4 {[%emt 0:02:30]} 21. Ne2 {[%emt 0:10:30]} Rd5 {[%emt 0:04:30]} 22. Kb1 {[%emt 0:12:30]} Rbd8 {[%emt 0:01:30]} 23. Rxd5 {[%emt 0:00:30]} Qxd5 {[%emt 0:00:30]} 24. Re1 {[%emt 0:01:30]} a5 {[%emt 0:04:30]} 25. Nc1 {[%emt 0:04:30]} a4 {[%emt 0:01:30]} 26. Re2 {[%emt 0:03:30]} Qd1 {[%emt 0:01:30]} 27. Re1 {[%emt 0:01:30]} Qd5 {[%emt 0:00:30]} 28. Re2 {[%emt 0:00:30]} Qb5 $142 {[%emt 0:03:30]} 29. h4 {[%emt 0:06:30]} (29. Re1 a3) 29... Qc4 {[%emt 0:02:30]} ({Better is} 29... a3 $17 30. Rd2 Rxd2 31. Qxd2 axb2 32. Kxb2 Bxe5+ 33. Nxe5 Qxe5+ 34. Kb1 Qe4) 30. Qe4 {[%emt 0:01:30]} Qb5 {[%emt 0:00:00]} 31. g5 {[%emt 0:04:49]} Rd1 {[%emt 0:01:00]} 32. Re1 {[%emt 0:00:59]} Rxe1 {[%emt 0:01:30]} 33. Qxe1 {[%emt 0:01:03]} Qc4 {[%emt 0:04:30]} 34. Qe3 {[%emt 0:05:25]} Qf1 {[%emt 0:00:30]} 35. Qe2 {[%emt 0:03:48]} Qh1 {[%emt 0:00:00]} 36. Qe3 {[%emt 0:00:34] [#]} h6 $1 {[%emt 0:02:00]} 37. a3 {[%emt 0:01:52]} hxg5 {[%emt 0:00:30]} (37... bxa3 {[%emt 0:00:30]}) 38. hxg5 {[%emt 0:00:30]} bxa3 {[%emt 0:00:30]} 39. bxa3 {[%emt 0:00:30]} Qg2 {[%emt 0:00:30]} 40. Nd3 {[%emt 0:00:30]} Qg4 {[%emt 0:00:30]} 41. Nb2 {[%emt 0:02:08] [#]} Nxg5 $1 {[%emt 0:05:30]} 42. Qxg5 {[%emt 0:00:55]} Qxf3 {[%emt 0:00:30]} 43. Qxe7 {[%emt 0:00:00]} Qh1+ {[%emt 0:00:30]} 44. Ka2 {[%emt 0:00:12]} Qd5+ {[%emt 0:00:00]} 45. c4 {[%emt 0:00:26]} Qxe5 {[%emt 0:00:00]} 46. Qxe5 {[%emt 0:01:24]} Bxe5 {[%emt 0:00:00]} 47. Nxa4 {[%emt 0:00:24]} g5 {[%emt 0:03:00]} 48. Nc5 {[%emt 0:00:23]} g4 {[%emt 0:02:30]} 49. Nd3 {[%emt 0:00:20]} Bc7 {[%emt 0:07:30]} (49... Bd6 $19 50. a4 g3) 50. Kb2 $2 {[%emt 0:00:42]} (50. Kb3 $11 {and White has nothing to worry.}) 50... f5 {[%emt 0:01:12]} 51. Kc2 {[%emt 0:01:05]} Kf7 {[%emt 0:00:35]} 52. Kd2 {[%emt 0:01:35]} Kf6 {[%emt 0:01:18]} 53. Ke2 {[%emt 0:01:39]} f4 {[%emt 0:00:38]} 54. c5 {[%emt 0:00:39]} Kg5 {[%emt 0:04:22]} 55. a4 {[%emt 0:00:24]} (55. Kf1 $142 Kf5 56. c6) 55... Kf5 {[%emt 0:00:22]} 56. Nf2 {[%emt 0:01:41]} f3+ {[%emt 0:00:48]} 57. Kf1 {[%emt 0:00:21]} g3 {[%emt 0:00:25]} 58. Nd3 $19 {[%emt 0:00:15]} Ke4 {[%emt 0:02:50]} 59. Ne1 {[%emt 0:00:20]} Ba5 {[%emt 0:01:29]} 60. Nc2 {[%emt 0:00:27]} Kd3 {[%emt 0:00:40]} 61. Na3 {[%emt 0:00:29]} Bd2 {[%emt 0:00:36]} 62. c6 {[%emt 0:00:13]} Be3 {[%emt 0:00:07]} 0-1